Statistics for Countries Ending in A, But Not IA

Click here to take the quiz!

General Stats

  • This quiz has been taken 85 times
  • The average score is 22 of 35

Answer Stats

Countries% Correct
Canada
86%
Angola
81%
Panama
79%
Argentina
78%
Cuba
75%
North Korea
73%
South Korea
73%
Venezuela
73%
Andorra
71%
Guatemala
71%
Guinea
71%
Ghana
70%
China
68%
Nicaragua
68%
Jamaica
67%
Guyana
66%
Dominica
64%
South Africa
64%
Rwanda
63%
Costa Rica
62%
Malta
62%
Grenada
60%
Uganda
60%
Libya
59%
Antigua and Barbuda
55%
Tonga
55%
Kenya
53%
Samoa
53%
Eritrea
52%
Equatorial Guinea
49%
Papua New Guinea
49%
Moldova
47%
Botswana
45%
Sri Lanka
45%
Bosnia and Herzegovina
30%

Score Distribution

Percentile by Number Answered

Percent of People with Each Score

Your Score History

You have not taken this quiz